Enhanced Production of Various Grades of Gasoline Based on Studies of Intermolecular Interactions of Blend Components and the Composition of the Processed Feedstock; Chemistry and Technology of Fuels and Oils; Vol. 53, iss. 2
| Parent link: | Chemistry and Technology of Fuels and Oils.— , 1965- Vol. 53, iss. 2.— 2017.— [P. 181-196] |
|---|---|
| Müşterek Yazar: | |
| Diğer Yazarlar: | , , , , , |
| Özet: | Title screen Results from improving gasoline production efficiency by using a computer system, taking into account intermolecular interactions of blend components in calculating octane numbers of various grades of blended products and the composition change of the feedstock in reforming, isomerization, alkylation, and catalytic cracking processes, are analyzed. The computer system can be used to determine quickly and precisely the optimal component ratio that ensures production of commercial gasolines conforming to all current regulatory requirements. Режим доступа: по договору с организацией-держателем ресурса |
| Dil: | İngilizce |
| Baskı/Yayın Bilgisi: |
2017
|
| Konular: | |
| Online Erişim: | https://doi.org/10.1007/s10553-017-0794-6 |
| Materyal Türü: | Elektronik Kitap Bölümü |
| KOHA link: | https://koha.lib.tpu.ru/cgi-bin/koha/opac-detail.pl?biblionumber=655305 |
MARC
| LEADER | 00000naa0a2200000 4500 | ||
|---|---|---|---|
| 001 | 655305 | ||
| 005 | 20250911141823.0 | ||
| 035 | |a (RuTPU)RU\TPU\network\21354 | ||
| 090 | |a 655305 | ||
| 100 | |a 20170828d2017 k||y0rusy50 ba | ||
| 101 | 0 | |a eng | |
| 102 | |a US | ||
| 105 | |a y z 000zy | ||
| 135 | |a drnn ---uucaa | ||
| 181 | 0 | |a i | |
| 182 | 0 | |a b | |
| 200 | 1 | |a Enhanced Production of Various Grades of Gasoline Based on Studies of Intermolecular Interactions of Blend Components and the Composition of the Processed Feedstock |f E. D. Ivanchina [et al.] | |
| 203 | |a Text |c electronic | ||
| 300 | |a Title screen | ||
| 320 | |a [References: 21 tit.] | ||
| 330 | |a Results from improving gasoline production efficiency by using a computer system, taking into account intermolecular interactions of blend components in calculating octane numbers of various grades of blended products and the composition change of the feedstock in reforming, isomerization, alkylation, and catalytic cracking processes, are analyzed. The computer system can be used to determine quickly and precisely the optimal component ratio that ensures production of commercial gasolines conforming to all current regulatory requirements. | ||
| 333 | |a Режим доступа: по договору с организацией-держателем ресурса | ||
| 461 | 1 | |t Chemistry and Technology of Fuels and Oils |d 1965- | |
| 463 | 1 | |t Vol. 53, iss. 2 |v [P. 181-196] |d 2017 | |
| 610 | 1 | |a электронный ресурс | |
| 610 | 1 | |a труды учёных ТПУ | |
| 610 | 1 | |a компаундирование | |
| 610 | 1 | |a октановые числа | |
| 610 | 1 | |a дипольные моменты | |
| 610 | 1 | |a математическое моделирование | |
| 610 | 1 | |a бензины | |
| 610 | 1 | |a производство | |
| 701 | 1 | |a Ivanchina |b E. D. |c chemist |c Professor of Tomsk Polytechnic University, Doctor of technical sciences |f 1951- |g Emilia Dmitrievna |3 (RuTPU)RU\TPU\pers\31274 | |
| 701 | 1 | |a Ivashkina |b E. N. |c Chemical Engineer |c Professor of Tomsk Polytechnic University, Doctor of technical sciences |f 1983- |g Elena Nikolaevna |3 (RuTPU)RU\TPU\pers\31275 |9 15453 | |
| 701 | 1 | |a Khrapov |g D. V. | |
| 701 | 1 | |a Korotkova |g N. V. | |
| 701 | 1 | |a Kleimenov |g A. V. | |
| 701 | 1 | |a Golovachev |g V. A. | |
| 712 | 0 | 2 | |a Национальный исследовательский Томский политехнический университет (ТПУ) |b Институт природных ресурсов (ИПР) |b Кафедра химической технологии топлива и химической кибернетики (ХТТ) |3 (RuTPU)RU\TPU\col\18665 |
| 801 | 2 | |a RU |b 63413507 |c 20170828 |g RCR | |
| 856 | 4 | |u https://doi.org/10.1007/s10553-017-0794-6 | |
| 942 | |c CF | ||